Amy's diary (Record no. 422)

MARC details
000 -LEADER
fixed length control field 00181 a2200097 4500
020 ## - INTERNATIONAL STANDARD BOOK NUMBER
International Standard Book Number 9781409137382
100 ## - MAIN ENTRY--PERSONAL NAME
Personal name Lee
245 ## - TITLE STATEMENT
Title Amy's diary
260 ## - PUBLICATION, DISTRIBUTION, ETC.
Name of publisher, distributor, etc. Orion
Date of publication, distribution, etc. 2012
942 ## - ADDED ENTRY ELEMENTS (KOHA)
Source of classification or shelving scheme Dewey Decimal Classification
Koha item type
Holdings
Withdrawn status Lost status Damaged status Not for loan Collection Home library Current library Shelving location Date acquired Barcode Date last seen Price effective from Koha item type
        Reference Centerville Centerville General stacks 12/04/2014 39999000018639 12/04/2014 12/04/2014 Books
        Reference Midway Midway General stacks 12/04/2014 39999000018615 12/04/2014 12/04/2014 Books